[Event "Eastern Asia-ch U20 Girls"]
[Site "Batangas"]
[Date "2019.12.12"]
[Round "4"]
[White "Mordido, Kylen Joy"]
[Black "Chandra, Vania Vindy"]
[Result "1-0"]
[WhiteElo "2041"]
[BlackElo "1830"]
[PlyCount "61"]
[EventDate "2019.12.10"]
[EventType "swiss"]
[EventRounds "9"]
[EventCountry "PHI"]
[SourceTitle "CBM 193 Extra"]
[Source "ChessBase"]
[SourceDate "2020.01.31"]
[SourceVersion "1"]
[SourceVersionDate "2020.01.31"]
[SourceQuality "1"]

1. c4 Nf6 2. Nc3 e6 3. e4 d5 4. e5 d4 5. exf6 dxc3 6. bxc3 Qxf6 7. d4 c5 8. Nf3 h6 9. Bd3 Nc6 10. Be4 Bd7 11. Rb1 Rb8 12. 0-0 Be7 13. Re1 0-0 14. Ne5 Nxe5 15. dxe5 Qh4 16. g3 Qh3 17. Qxd7 Rfe8 18. Rxb7 Rbd8 19. Qa4 Bg5 20. f4 Bh4 21. Bg2 Qg4 22. gxh4 Qxh4 23. Rd1 Qg4 24. Rbd7 Rb8 25. Qc2 h5 26. Be3 h4 27. h3 Qg3 28. Qe4 Rb2 29. Rd8 Rxg2+ 30. Qxg2 Qxe3+ 31. Qf2 1-0